| 000 | 00397nam a22001577a 4500 | ||
|---|---|---|---|
| 005 | 20171121095351.0 | ||
| 008 | 171120b xxu||||| |||| 00| 0 eng d | ||
| 020 | _a9789757039303 | ||
| 040 | _cPK-LaUMT | ||
| 082 |
_aTRC 956.1015 _bTOP- |
||
| 245 |
_aTopkapi palace / _cedited by Ilhan Aksit |
||
| 260 |
_aIstanbul : _bAksit, _c2010 |
||
| 300 | _a297 p. | ||
| 650 | _aArchitecture | ||
| 942 | _cBK | ||
| 999 |
_c100103 _d100103 |
||